| 000 | 00495nam a2200181Ia 4500 | ||
|---|---|---|---|
| 005 | 20250326125528.0 | ||
| 008 | 250326s9999 xx 000 0 und d | ||
| 037 | _aTextbook | ||
| 040 |
_aFMSL _beng _cFMSL |
||
| 041 |
_aeng _2eng |
||
| 084 |
_aB28 K4 _qFMSL |
||
| 100 |
_aReichmann W J _9739229 |
||
| 245 | 0 |
_aUse and abuse of statistics _cReichmann W J |
|
| 260 |
_aEngland _bEngland, Penguin Books _c1964 |
||
| 300 | _a343p | ||
| 942 |
_cTB _hB28 K4 |
||
| 999 |
_c1278446 _d1278446 |
||